|
|
|
|
| LEADER |
00000nam0a2200000 4500 |
| 001 |
197277 |
| 005 |
20231101224738.0 |
| 010 |
|
|
|a 9785996303649
|
| 035 |
|
|
|a (RuTPU)RU\TPU\book\215181
|
| 090 |
|
|
|a 197277
|
| 100 |
|
|
|a 20110608d2011 k y0rusy50 ca
|
| 101 |
1 |
|
|a rus
|c eng
|
| 102 |
|
|
|a RU
|
| 105 |
|
|
|a a g 001zy
|
| 200 |
1 |
|
|a Магнитно-резонансная томография
|e справочник: пер. с англ.
|f К. Уэстбрук
|
| 210 |
|
|
|a Москва
|c БИНОМ. Лаборатория знаний
|d 2011
|
| 215 |
|
|
|a 448 с.
|c ил.
|
| 320 |
|
|
|a Предметный указатель: с. 446-447.
|
| 330 |
|
|
|a Справочник адресован как начинающим врачам (описывает методы и процедуры сканирования), так и опытным специалистам (включает информацию, позволяющую улучшать качество изображения, выявлять наиболее распространенные артефакты). Даны рекомендации по использованию сканеров, методов кардио- и респираторной синхронизации, подготовке больного к процедуре МРТ и соблюдению правил техники безопасности при ее проведении. Во второй части освещены вопросы исследования отдельных анатомических отделов, в том числе у детей. Описаны импульсные последовательности, приведены проекции сканирования и направления срезов. Предлагаются конкретные протоколы, помогающие провести исследование. Для врачей, получающих постдипломное образование, ординаторов, технического персонала диагностических лабораторий и радиологов, желающих повысить свою квалификацию.
|
| 606 |
1 |
|
|a Томография
|x Медицина
|2 stltpush
|3 (RuTPU)RU\TPU\subj\60908
|9 78130
|
| 610 |
1 |
|
|a магнитно-резонансная томография
|
| 610 |
1 |
|
|a параметры
|
| 610 |
1 |
|
|a выбор
|
| 610 |
1 |
|
|a сканирование
|
| 610 |
1 |
|
|a методы
|
| 610 |
1 |
|
|a процедуры
|
| 610 |
1 |
|
|a изображения
|
| 610 |
1 |
|
|a качество
|
| 610 |
1 |
|
|a артефакты
|
| 610 |
1 |
|
|a техника безопасности
|
| 610 |
1 |
|
|a импульсные последовательности
|
| 610 |
1 |
|
|a контрастные средства
|
| 610 |
1 |
|
|a анатомические данные
|
| 610 |
1 |
|
|a голова
|
| 610 |
1 |
|
|a шиацу
|
| 610 |
1 |
|
|a позвоночник
|
| 610 |
1 |
|
|a грудная клетка
|
| 610 |
1 |
|
|a брюшная полость
|
| 610 |
1 |
|
|a тазовая область
|
| 610 |
1 |
|
|a верхние конечности
|
| 610 |
1 |
|
|a педиатрия
|
| 610 |
1 |
|
|a применение
|
| 610 |
1 |
|
|a справочники
|
| 675 |
|
|
|a 616-07(035)
|v 3
|
| 700 |
|
1 |
|a Уэстбрук
|b К.
|g Кэтрин
|
| 801 |
|
1 |
|a RU
|b 63413507
|c 20110608
|
| 801 |
|
2 |
|a RU
|b 63413507
|c 20111027
|g RCR
|
| 900 |
|
|
|a Медицинские аппараты, приборы, системы и комплексы
|
| 942 |
|
|
|c BK
|
| 959 |
|
|
|a 60/20110607
|d 2
|e 750,00
|f ЧЗТЛ:1
|f АНЛ:1
|